000 00259nam a2200109Ia 4500
008 220204s9999 xx 000 0 und d
082 _a82-3
_bCOR
100 _aCork, Dorothy
245 0 _aEye of the sun
260 _aLondon
_bMills and Boon
_c1976
942 _cBK
999 _c33141
_d33141